000 00413nam a2200181Ia 4500
001 3632
005 20260306145657.0
008 260306t2017||||xx |||||||||||||| ||spa||
041 _aESP
082 _a301
_bA69
100 _aArendt, Hannah
_eAUT
245 0 _aLa condición humana
260 _c2017
300 _axvii, 366 páginas :
_c23 cm.
650 _aGEN
654 _aCHU
942 _cLIB
_dJUS
_fJUS
_2ddc
_n
999 _c3632
_d3632